Ensayos críticos / (Record no. 79305)

MARC details
000 -LEADER
campo de control de longitud fija 00578nam a2200181 i 4500
001 - NÚMERO DE CONTROL
campo de control 79305
003 - IDENTIFICADOR DE NÚMERO DE CONTROL
campo de control ES-MaACL
005 - FECHA Y HORA DE LA ÚLTIMA TRANSACCIÓN
campo de control 20251110063220.0
007 - CAMPO FIJO DE DESCRIPCIÓN FÍSICA--INFORMACIÓN GENERAL
campo de control de longitud fija t|
008 - DATOS DE LONGITUD FIJA--INFORMACIÓN GENERAL
campo de control de longitud fija 041020s1905 cu ||||1| spa d
080 ## - NÚMERO DE LA CLASIFICACIÓN DECIMAL UNIVERSAL
Número de la Clasificación Decimal Universal 821.134.2(729.3)-4"19"
100 ## - ENTRADA PRINCIPAL--NOMBRE DE PERSONA
Nombre de persona Henríquez Ureña, Pedro,
Fechas asociadas al nombre 1884-1946
9 (RLIN) 176516
245 10 - MENCIÓN DEL TÍTULO
Título Ensayos críticos /
Mención de responsabilidad, etc. Pedro Enríquez Ureña.
260 ## - PUBLICACIÓN, DISTRIBUCIÓN, ETC.
Lugar de publicación, distribución, etc. La Habana :
Nombre del editor, distribuidor, etc. [s.n.],
Fecha de publicación, distribución, etc. 1905 (
Fabricante Impr. de Esteban Fernández)
300 ## - DESCRIPCIÓN FÍSICA
Extensión 116 p. ;
Dimensiones 17 cm.
852 ## - LOCALIZACIÓN
Ubicación ES-MaACL
Número de control de estantería T-1086-F-1
Nota libre .- Dedicatoria manuscria del autor
Holdings
Estatus retirado Estado de pérdida Estado de daño No para préstamo Colección Biblioteca de origen Biblioteca actual Ubicación en estantería Fecha de adquisición Fuente de adquisición Total de préstamos Signatura topográfica completa Código de barras Visto por última vez Precio de reemplazo Tipo de ítem Koha
        Colección de folletos Biblioteca del Ateneo de Madrid Biblioteca del Ateneo de Madrid Depósito folletos 17/01/2008     T-1086-F-1 1082932 23/02/2023 23/02/2023 Folleto